-
Essays from Economics and Political weekly
Entry Personal Name
Number of records used in: 1
001 - CONTROL NUMBER
003 - CONTROL NUMBER IDENTIFIER
005 - DATE AND TIME OF LATEST TRANSACTION
- control field:
20210807142554.0
008 - FIXED-LENGTH DATA ELEMENTS
- fixed length control field:
210807|| aca||aabn | a|a d
040 ## - CATALOGING SOURCE
- Original cataloging agency:
OSt
- Transcribing agency:
OSt
100 ## - HEADING--PERSONAL NAME
- Personal name:
Essays from Economics and Political weekly
670 ## - SOURCE DATA FOUND
- Source citation:
Work cat.: (OSt)2949: Essays from Economics and Political weekly, GLOBAL ECONOMIC & FINANCIAL CRISIS, 2009